Normal view
MARC view
- Manual series (Asphalt Institute) ;
Entry Uniform Title
001 - CONTROL NUMBER
- control field: 13619
003 - CONTROL NUMBER IDENTIFIER
- control field: NUST
005 - DATE AND TIME OF LATEST TRANSACTION
- control field: 20190209070907.0
008 - FIXED-LENGTH DATA ELEMENTS
- fixed length control field: 190209|| aca||aabn | a|a d
040 ## - CATALOGING SOURCE
- Original cataloging agency: NUST
- Transcribing agency: NUST
130 ## - HEADING--UNIFORM TITLE
- Uniform title: Manual series (Asphalt Institute) ;
- Form subdivision: no. 2.
670 ## - SOURCE DATA FOUND
- Source citation: Work cat.: (NUST)0: Asphalt Institute. 13616, Mix design methods for asphalt concrete and other hot-mix types., 1974.
